| 000 | 01198nam a22002657a 4500 | ||
|---|---|---|---|
| 999 |
_c65784 _d65784 |
||
| 005 | 20240530110843.0 | ||
| 008 | 200912s2019 ua a f b 000 0dara d | ||
| 017 |
_a2019/13457 _bمصر. دار الكتب |
||
| 020 | _a9789771813750 | ||
| 040 |
_aEG-CaGPL _cEG-CaGPL |
||
| 082 | 0 | 4 |
_221 _a956 _bأ ج |
| 245 | 0 | 2 |
_aالجذور التاريخية لتقسيم العالم العربى : _bمن اعمال ندوة تصريح بلفور / _cتحرير وتقديم ومراجعة اشرف محمد مؤنس ، صالح محمد عمر |
| 250 | _aط.1 | ||
| 260 |
_aالقاهرة : _bمطبعة دار الكتب و الوثائق القومية بالقاهرة ، _c2019 |
||
| 300 |
_a377 ص. ؛ _c24 سم. |
||
| 504 | _aيشتمل على ارجاعات ببليوجرافية | ||
| 650 | 0 | 7 | _aوعد بلفور |
| 650 | 0 | 7 |
_aقناة السويس _xتاريخ |
| 650 | 0 | 7 | _aالهجرة اليهودية الى فلسطين |
| 651 | 0 | 7 |
_2qrmak _aالعالم العربى _xتاريخ |
| 700 | 0 |
_aاشرف محمد مؤنس _eمحرر ومراجع |
|
| 700 | 0 |
_aصالح محمد عمر _eمحرر ومراجع |
|
| 942 |
_2ddc _cBK |
||